[Event "BEL-ch op"]
[Site "Niel"]
[Date "2017.07.09"]
[Round "9"]
[White "Godde, Matthias"]
[Black "Morozova, Iuliia"]
[Result "1-0"]
[WhiteElo "1951"]
[BlackElo "2008"]
[PlyCount "117"]
[EventDate "2017.07.01"]
[EventType "swiss"]
[EventRounds "9"]
[EventCountry "BEL"]
[SourceTitle "EXT 2018"]
[Source "ChessBase"]
[SourceDate "2017.10.13"]
[SourceVersion "1"]
[SourceVersionDate "2017.10.13"]
[SourceQuality "1"]

1. e4 e6 2. d3 d5 3. Nd2 c5 4. Ngf3 g6 5. g3 Bg7 6. Bg2 Nc6 7. 0-0 Nf6 8. Re1 0-0 9. Qe2 a5 10. a4 b6 11. Nf1 dxe4 12. dxe4 Ba6 13. c4 Nb4 14. e5 Nd7 15. Bd2 Qc7 16. Bc3 Rad8 17. b3 Bb7 18. h4 Nb8 19. Rad1 Bxf3 20. Bxf3 Rxd1 21. Rxd1 Rd8 22. Rxd8+ Qxd8 23. Be4 N4c6 24. f4 f6 25. Bg2 Nd4 26. Qe4 fxe5 27. fxe5 Nxb3 28. Ne3 Nd4 29. Kh2 Nf5 30. Ng4 h5 31. Nf6+ Kh8 32. g4 hxg4 33. Qxg4 Ne7 34. h5 g5 35. Qxg5 Qd3 36. h6 Bf8 37. Ne4 Nd7 38. h7 Kxh7 39. Qh5+ Kg7 40. Qg4+ Ng6 41. Qxe6 Kh6 42. Ng3 Qxc3 43. Qh3+ Kg7 44. Nf5+ Kf7 45. Qxc3 Ndxe5 46. Kg1 Kf6 47. Ne3 Bg7 48. Ng4+ Kf5 49. Nxe5 Bxe5 50. Qh3+ Kf6 51. Be4 Bd4+ 52. Kf1 Ne5 53. Qh6+ Ke7 54. Bd5 Nd7 55. Qe6+ Kd8 56. Bc6 Ne5 57. Qd6+ Kc8 58. Bb5 Kb7 59. Qe7+ 1-0

[Event "BEL-ch op"]
[Site "Niel"]
[Date "2017.07.07"]
[Round "7"]
[White "Viaene, Jan"]
[Black "Morozova, Iuliia"]
[Result "0-1"]
[WhiteElo "1751"]
[BlackElo "2008"]
[PlyCount "28"]
[EventDate "2017.07.01"]
[EventType "swiss"]
[EventRounds "9"]
[EventCountry "BEL"]
[SourceTitle "EXT 2018"]
[Source "ChessBase"]
[SourceDate "2017.10.13"]
[SourceVersion "1"]
[SourceVersionDate "2017.10.13"]
[SourceQuality "1"]

1. e4 e6 2. d4 d5 3. Nd2 c5 4. c3 cxd4 5. cxd4 Nc6 6. Ngf3 Nf6 7. Bd3 dxe4 8. Nxe4 Bb4+ 9. Nc3 0-0 10. 0-0 b6 11. Bg5 Bb7 12. Ne4 Be7 13. Rc1 Nxe4 14. Bxe7 Nxe7 0-1

[Event "BEL-ch op"]
[Site "Niel"]
[Date "2017.07.06"]
[Round "6"]
[White "Morozova, Iuliia"]
[Black "Decrop, Benjamin"]
[Result "1/2-1/2"]
[WhiteElo "2008"]
[BlackElo "2182"]
[PlyCount "123"]
[EventDate "2017.07.01"]
[EventType "swiss"]
[EventRounds "9"]
[EventCountry "BEL"]
[SourceTitle "EXT 2018"]
[Source "ChessBase"]
[SourceDate "2017.10.13"]
[SourceVersion "1"]
[SourceVersionDate "2017.10.13"]
[SourceQuality "1"]

1. d4 Nf6 2. Nf3 d5 3. e3 c5 4. c4 cxd4 5. exd4 g6 6. Nc3 Bg7 7. Be2 0-0 8. 0-0 Nc6 9. c5 Ne4 10. h3 b6 11. cxb6 axb6 12. Bf4 Nxc3 13. bxc3 Ba6 14. Re1 e6 15. Qd2 Na5 16. Bg5 f6 17. Bh6 Bxe2 18. Bxg7 Kxg7 19. Qxe2 Re8 20. Qb5 Qd6 21. Nd2 Rec8 22. Re3 Ra7 23. Rb1 Rc6 24. Rbe1 Re7 25. g3 Kf7 26. Kg2 Qc7 27. Rc1 Nc4 28. Nxc4 Rxc4 29. Rb1 Rc6 30. Rb3 Qd6 31. Ra3 Qxa3 32. Qxc6 Qa7 33. a4 Qc7 34. Rxe6 Qxc6 35. Rxc6 Ra7 36. Rxb6 Rxa4 37. Rd6 Rc4 38. Rxd5 Rxc3 39. Rd7+ Ke6 40. Rxh7 Rd3 41. Rh4 f5 42. Kf1 Ra3 43. Rh8 Rd3 44. Rh4 Ra3 45. Kg2 Rd3 46. g4 f4 47. Rh6 Kf6 48. Rh8 Rxd4 49. h4 Rd3 50. Rf8+ Ke5 51. Re8+ Kf6 52. Rf8+ Ke5 53. g5 Ra3 54. Rf6 Rb3 55. Rf8 Ra3 56. Rf7 Rb3 57. h5 gxh5 58. g6 Rb6 59. g7 Rg6+ 60. Kf3 Rg4 61. g8Q Rxg8 62. Rxf4 1/2-1/2

[Event "Olympiad Women-42"]
[Site "Baku"]
[Date "2016.09.05"]
[Round "4.35"]
[White "Morozova, Iuliia"]
[Black "Nasriddinzoda, Marvorii"]
[Result "0-1"]
[WhiteElo "2025"]
[BlackElo "2073"]
[PlyCount "150"]
[EventDate "2016.09.02"]
[EventType "team-swiss"]
[EventRounds "11"]
[EventCountry "AZE"]
[SourceTitle "CBM 174 Extra"]
[Source "ChessBase"]
[SourceDate "2016.10.10"]
[SourceVersion "1"]
[SourceVersionDate "2016.10.10"]
[SourceQuality "1"]
[WhiteTeam "Belgium (W)"]
[BlackTeam "Tajikistan (W)"]
[WhiteTeamCountry "BEL"]
[BlackTeamCountry "TJK"]

1. d4 Nf6 2. Nf3 e6 3. e3 Be7 4. Bd3 b6 5. 0-0 Bb7 6. Nbd2 d5 7. b3 Nbd7 8. Bb2 c5 9. Ne5 Qc7 10. f4 cxd4 11. exd4 g6 12. Qe2 Nxe5 13. fxe5 Nh5 14. Rf3 Ng7 15. Raf1 0-0 16. g4 Bc6 17. Qe3 Qd8 18. Rf6 Ne8 19. Qf4 Nxf6 20. exf6 Bxf6 21. Qxf6 Qxf6 22. Rxf6 Kg7 23. g5 h6 24. h4 hxg5 25. hxg5 Rh8 26. Nf3 Rh5 27. Bc1 b5 28. Ne5 Be8 29. Bf4 a6 30. Ng4 Ra7 31. Kg2 Rb7 32. Kg3 Rh1 33. Be5 Kg8 34. Nh6+ Kh7 35. Kg2 Rh5 36. Bf4 Kg7 37. Ng4 Rh4 38. Be2 b4 39. Be5 Kf8 40. Rf4 Rb6 41. Rf1 Bb5 42. Bxb5 Rxg4+ 43. Kh3 Rxg5 44. Bd3 Rh5+ 45. Kg3 f5 46. Rf2 Rc6 47. Rh2 Rxh2 48. Kxh2 g5 49. Bf6 g4 50. Kg3 Kf7 51. Bh4 Rc8 52. Kf4 Rh8 53. Bg3 a5 54. Ke5 Rh3 55. Kf4 Rh1 56. Bb5 Rc1 57. Bd3 Ra1 58. Bh4 Rxa2 59. Bd8 a4 60. bxa4 Rxa4 61. Bb6 b3 62. cxb3 Rb4 63. Bc5 Rxb3 64. Bc2 Rf3+ 65. Kg5 Rf2 66. Bd1 Rd2 67. Bxg4 Rg2 68. Kf4 Rxg4+ 69. Kf3 Kf6 70. Bb6 e5 71. dxe5+ Kxe5 72. Bc7+ Kd4 73. Bb6+ Kd3 74. Ba7 d4 75. Bb8 Kc2 0-1

[Event "Olympiad Women-42"]
[Site "Baku"]
[Date "2016.09.03"]
[Round "2.20"]
[White "Morozova, Iuliia"]
[Black "Tokhirjonova, Gulruhbegim"]
[Result "1/2-1/2"]
[WhiteElo "2025"]
[BlackElo "2289"]
[PlyCount "160"]
[EventDate "2016.09.02"]
[EventType "team-swiss"]
[EventRounds "11"]
[EventCountry "AZE"]
[SourceTitle "CBM 174 Extra"]
[Source "ChessBase"]
[SourceDate "2016.10.10"]
[SourceVersion "1"]
[SourceVersionDate "2016.10.10"]
[SourceQuality "1"]
[WhiteTeam "Belgium (W)"]
[BlackTeam "Uzbekistan (W)"]
[WhiteTeamCountry "BEL"]
[BlackTeamCountry "UZB"]

1. d4 d5 2. c4 c6 3. cxd5 cxd5 4. Nc3 Nc6 5. Nf3 Nf6 6. e3 g6 7. Ne5 Bg7 8. Bb5 Bd7 9. Qa4 Qc7 10. Bxc6 Bxc6 11. Nxc6 bxc6 12. 0-0 0-0 13. Bd2 c5 14. Rfc1 Ng4 15. f4 cxd4 16. Nxd5 Qd8 17. Qa5 dxe3 18. Qxd8 Rfxd8 19. Nxe7+ Kf8 20. Bb4 Bxb2 21. Nc6+ Kg8 22. Nxd8 Bxa1 23. Rxa1 Rxd8 24. Re1 Rd4 25. Bc5 Rxf4 26. Bxa7 Ra4 27. Bxe3 Nxe3 28. Rxe3 Rxa2 29. h3 h5 30. Re4 Kg7 31. h4 Kf6 32. Kh2 Kf5 33. Rb4 Re2 34. Kh3 f6 35. g3 Re4 36. Rb5+ Re5 37. Rb2 Ke4 38. Kg2 Rd5 39. Ra2 Ke3 40. Ra3+ Ke2 41. Ra6 Rf5 42. Ra2+ Kd3 43. Ra3+ Kc4 44. Ra4+ Kb5 45. Rd4 Kc5 46. Ra4 Rd5 47. Ra6 Rd6 48. Ra5+ Kc4 49. Kf3 Kd3 50. Ra3+ Kd2 51. Kf2 Rd5 52. Ra6 Rf5+ 53. Kg2 g5 54. hxg5 fxg5 55. Rh6 g4 56. Rd6+ Ke3 57. Re6+ Kd4 58. Re2 Re5 59. Ra2 Ke4 60. Kf2 Rf5+ 61. Kg2 Rc5 62. Kf2 Kd3 63. Ra3+ Rc3 64. Rxc3+ Kxc3 65. Ke3 Kc4 66. Kf4 Kd4 67. Kg5 Ke5 68. Kxh5 Kf5 69. Kh4 Kf6 70. Kxg4 Kg6 71. Kf4 Kf6 72. g4 Kg6 73. g5 Kg7 74. Kf5 Kf7 75. g6+ Kg7 76. Kg5 Kg8 77. Kf6 Kf8 78. Kf5 Kg7 79. Kg5 Kg8 80. Kh4 Kg7 1/2-1/2

[Event "EU-chT (Women) 20th"]
[Site "Reykjavik"]
[Date "2015.11.21"]
[Round "8.2"]
[White "Morozova, Iuliia"]
[Black "Bengtsson, Jessica"]
[Result "1/2-1/2"]
[WhiteElo "1995"]
[BlackElo "2040"]
[PlyCount "82"]
[EventDate "2015.11.13"]
[EventType "team-swiss"]
[EventRounds "9"]
[EventCountry "ISL"]
[SourceTitle "CBM 169 Extra"]
[Source "ChessBase"]
[SourceDate "2015.12.18"]
[SourceVersion "1"]
[SourceVersionDate "2015.12.18"]
[SourceQuality "1"]
[WhiteTeam "Belgium (W)"]
[BlackTeam "Sweden (W)"]
[WhiteTeamCountry "BEL"]
[BlackTeamCountry "SWE"]

1. d4 Nf6 2. Nf3 d5 3. e3 Bf5 4. c4 e6 5. Qb3 Nc6 6. c5 Rb8 7. Bb5 Nd7 8. 0-0 Be7 9. Nc3 0-0 10. Re1 Bf6 11. h3 h6 12. Qd1 Nb4 13. Re2 c6 14. Ba4 e5 15. a3 Nd3 16. b4 Qc7 17. Bc2 Nxc1 18. Qxc1 Bxc2 19. Qxc2 Rfe8 20. a4 Re7 21. b5 Rbe8 22. g3 exd4 23. exd4 Rxe2 24. Nxe2 Nf8 25. Nf4 Re4 26. Rd1 Ne6 27. Nxe6 Rxe6 28. Qd2 Re4 29. Re1 Qe7 30. Kf1 Qe6 31. g4 h5 32. Rxe4 dxe4 33. Ne1 hxg4 34. hxg4 Qc4+ 35. Kg2 Qxd4 36. Qf4 Qxa4 37. Qf5 Qxb5 38. Qc8+ Kh7 39. Qf5+ Kg8 40. Qc8+ Kh7 41. Qf5+ Kg8 1/2-1/2

[Event "EU-chT (Women) 20th"]
[Site "Reykjavik"]
[Date "2015.11.19"]
[Round "6.2"]
[White "Morozova, Iuliia"]
[Black "Srebrnic, Ana"]
[Result "1/2-1/2"]
[WhiteElo "1995"]
[BlackElo "2238"]
[PlyCount "96"]
[EventDate "2015.11.13"]
[EventType "team-swiss"]
[EventRounds "9"]
[EventCountry "ISL"]
[SourceTitle "CBM 169 Extra"]
[Source "ChessBase"]
[SourceDate "2015.12.18"]
[SourceVersion "1"]
[SourceVersionDate "2015.12.18"]
[SourceQuality "1"]
[WhiteTeam "Belgium (W)"]
[BlackTeam "Slovenia (W)"]
[WhiteTeamCountry "BEL"]
[BlackTeamCountry "SLO"]

1. d4 d6 2. e4 Nf6 3. Nd2 e5 4. c3 g6 5. Ngf3 Nbd7 6. Bd3 Bg7 7. 0-0 0-0 8. Re1 Re8 9. Nf1 c6 10. h3 Nh5 11. g4 Nf4 12. Bxf4 exf4 13. Qd2 g5 14. Qc2 h6 15. Re2 Nf8 16. Rae1 Bd7 17. e5 d5 18. Bf5 Be6 19. N1d2 Qd7 20. Nb3 b6 21. Nbd2 Rec8 22. c4 Rc7 23. c5 b5 24. a3 a5 25. b3 Re8 26. Kg2 Qc8 27. h4 Bxf5 28. gxf5 g4 29. Rg1 f6 30. e6 gxf3+ 31. Kxf3 h5 32. Kxf4 Kh8 33. Kf3 Bh6 34. Nf1 Rh7 35. Ng3 Bg7 36. Kg2 Qc7 37. Kf3 Re7 38. Ree1 Rh6 39. Qd3 Qb8 40. Qd2 Rh7 41. Qd3 Qe8 42. Kg2 Bh6 43. Qf3 Bg7 44. Kh3 Rh6 45. Re2 Rh7 46. Ree1 Rh6 47. Re2 Rh7 48. Ree1 Rh6 1/2-1/2

[Event "EU-chT (Women) 20th"]
[Site "Reykjavik"]
[Date "2015.11.15"]
[Round "3.2"]
[White "Morozova, Iuliia"]
[Black "Kristinardottir, Elsa Maria"]
[Result "1-0"]
[WhiteElo "1995"]
[BlackElo "1887"]
[PlyCount "55"]
[EventDate "2015.11.13"]
[EventType "team-swiss"]
[EventRounds "9"]
[EventCountry "ISL"]
[SourceTitle "EXT 2017"]
[Source "ChessBase"]
[SourceDate "2016.10.25"]
[SourceVersion "1"]
[SourceVersionDate "2016.10.25"]
[SourceQuality "1"]
[WhiteTeam "Belgium (W)"]
[BlackTeam "Iceland (W)"]
[WhiteTeamCountry "BEL"]
[BlackTeamCountry "ISL"]

1. d4 d5 2. Nf3 Nf6 3. e3 g6 4. c4 c6 5. Nc3 Bg7 6. cxd5 cxd5 7. Be2 0-0 8. 0-0 Nc6 9. Bd2 Ne4 10. Qb3 e5 11. dxe5 Nxd2 12. Nxd2 Bxe5 13. Nf3 d4 14. Nxe5 Nxe5 15. exd4 Qxd4 16. Rad1 Qh4 17. Rd2 h5 18. f4 Ng4 19. Bxg4 hxg4 20. Ne4 b6 21. Qc3 f6 22. Rd6 Kg7 23. g3 Qh3 24. Nxf6 Kh6 25. Qe5 Ba6 26. Rfd1 Rad8 27. Qg5+ Kg7 28. Nh5+ 1-0

[Event "Brasschaat op 15th"]
[Site "Brasschaat"]
[Date "2015.08.19"]
[Round "5"]
[White "Morozova, Iuliia"]
[Black "Van Bunderen, Gert"]
[Result "0-1"]
[WhiteElo "2049"]
[BlackElo "1846"]
[PlyCount "48"]
[EventDate "2015.08.15"]
[EventType "swiss"]
[EventRounds "9"]
[EventCountry "BEL"]
[SourceTitle "EXT 2016"]
[Source "ChessBase"]
[SourceDate "2015.10.08"]
[SourceVersion "1"]
[SourceVersionDate "2015.10.08"]
[SourceQuality "1"]

1. d4 Nf6 2. Nf3 g6 3. c4 Bg7 4. Nc3 0-0 5. e4 d6 6. Be2 Nbd7 7. e5 Ne8 8. Bg5 f6 9. exf6 exf6 10. Bf4 c6 11. Qd2 f5 12. 0-0-0 Ndf6 13. h3 d5 14. Ne5 Ne4 15. Nxe4 fxe4 16. f3 Nd6 17. c5 exf3 18. Bxf3 Bxe5 19. dxe5 Nc4 20. Qb4 Rxf4 21. b3 Qa5 22. Qe1 Qa3+ 23. Kc2 Qb2+ 24. Kd3 Rd4# 0-1

[Event "Brasschaat op 15th"]
[Site "Brasschaat"]
[Date "2015.08.16"]
[Round "2"]
[White "Wuytens, Robin"]
[Black "Morozova, Iuliia"]
[Result "1/2-1/2"]
[WhiteElo "1791"]
[BlackElo "2049"]
[PlyCount "88"]
[EventDate "2015.08.15"]
[EventType "swiss"]
[EventRounds "9"]
[EventCountry "BEL"]
[SourceTitle "EXT 2016"]
[Source "ChessBase"]
[SourceDate "2015.10.08"]
[SourceVersion "1"]
[SourceVersionDate "2015.10.08"]
[SourceQuality "1"]

1. e4 c5 2. Nf3 d6 3. d4 cxd4 4. Nxd4 Nf6 5. Nc3 g6 6. Be3 Bg7 7. Be2 0-0 8. Nb3 Nc6 9. 0-0 a6 10. f4 b5 11. Bf3 e5 12. f5 Na5 13. Nxa5 Qxa5 14. Qxd6 Rd8 15. Bb6 Rxd6 16. Bxa5 Bb7 17. Rad1 Bf8 18. fxg6 hxg6 19. a3 Rc8 20. Rfe1 Rc4 21. Rxd6 Bxd6 22. Re2 Kf8 23. Kf1 Ke7 24. g3 Ke6 25. Bg2 g5 26. Bh3+ g4 27. Bg2 Bc5 28. h3 Nh5 29. b3 Rd4 30. Ke1 Nxg3 31. Re3 Nh5 32. hxg4 Nf4 33. Bh1 Bxa3 34. Ne2 Nxe2 35. Kxe2 Bc5 36. c3 Rd1 37. Rh3 Rb1 38. b4 Be7 39. Rh6+ Kd7 40. Rb6 Bc8 41. Rh6 Bg5 42. Rh5 Bf4 43. Rh8 Bg5 44. Rh5 Bf4 1/2-1/2

[Event "Olympiad Women-41"]
[Site "Tromsoe"]
[Date "2014.08.12"]
[Round "10.2"]
[White "Kyrkjebo, Hannah Bakken"]
[Black "Morozova, Iuliia"]
[Result "0-1"]
[WhiteElo "1756"]
[BlackElo "2060"]
[PlyCount "136"]
[EventDate "2014.08.02"]
[EventType "team-swiss"]
[EventRounds "11"]
[EventCountry "NOR"]
[SourceTitle "CBM 162"]
[Source "ChessBase"]
[SourceDate "2014.09.17"]
[SourceVersion "1"]
[SourceVersionDate "2014.09.17"]
[SourceQuality "1"]
[WhiteTeam "Norway (W) III"]
[BlackTeam "Belgium (W)"]
[WhiteTeamCountry "NOR"]
[BlackTeamCountry "BEL"]

1. e4 c5 2. Nc3 e6 3. g3 Ne7 4. Bg2 Nbc6 5. d3 g6 6. Be3 Nd4 7. Nce2 Bg7 8. c3 Nxe2 9. Nxe2 d6 10. Qd2 Bd7 11. Bh6 Bxh6 12. Qxh6 Qb6 13. Qd2 e5 14. 0-0 0-0-0 15. b4 Bg4 16. Rfb1 Qc7 17. bxc5 dxc5 18. h3 Be6 19. d4 Bc4 20. d5 f5 21. f3 h5 22. Rb2 h4 23. g4 Ba6 24. Kh2 fxe4 25. fxe4 Rhf8 26. Ng1 Rf4 27. Rd1 Qd6 28. Qc1 Kc7 29. c4 Nc6 30. Rf1 Rxf1 31. Qxf1 Rf8 32. Qd3 Nd4 33. Qc3 Kc8 34. Qc1 Qf6 35. Kh1 g5 36. Ne2 Nxe2 37. Rxe2 Qf4 38. Qc2 Qf6 39. Kg1 Qd6 40. Qc3 Rf4 41. Rc2 Kd7 42. Qe1 Ke7 43. Qc1 Kf7 44. Rf2 Rxf2 45. Kxf2 Qf6+ 46. Bf3 Qf4 47. Qxf4+ exf4 48. Be2 Kf6 49. Kf3 Ke5 50. Bf1 b6 51. Be2 Bc8 52. Bf1 Bd7 53. Bd3 Kd4 54. Bf1 Be8 55. Bg2 Kxc4 56. Ke2 Kd4 57. Kd2 c4 58. Kc2 a5 59. Kd2 b5 60. a3 b4 61. axb4 axb4 62. Kc2 Ba4+ 63. Kb2 c3+ 64. Kc1 b3 65. Kb1 Kd3 66. e5 Kd2 67. e6 c2+ 68. Kb2 c1Q# 0-1

[Event "Olympiad Women-41"]
[Site "Tromsoe"]
[Date "2014.08.10"]
[Round "8.2"]
[White "Morozova, Iuliia"]
[Black "Wafa, Shrook"]
[Result "0-1"]
[WhiteElo "2060"]
[BlackElo "2065"]
[PlyCount "116"]
[EventDate "2014.08.02"]
[EventType "team-swiss"]
[EventRounds "11"]
[EventCountry "NOR"]
[SourceTitle "CBM 162"]
[Source "ChessBase"]
[SourceDate "2014.09.17"]
[SourceVersion "1"]
[SourceVersionDate "2014.09.17"]
[SourceQuality "1"]
[WhiteTeam "Belgium (W)"]
[BlackTeam "Egypt (W)"]
[WhiteTeamCountry "BEL"]
[BlackTeamCountry "EGY"]

1. d4 Nf6 2. Nf3 e6 3. e3 Be7 4. Bd3 d6 5. b3 Nbd7 6. Bb2 c6 7. c4 Qc7 8. Nc3 0-0 9. 0-0 Re8 10. e4 e5 11. d5 Nf8 12. Rc1 Ng6 13. b4 Nf4 14. Ne2 N6h5 15. c5 Bf6 16. Ng3 cxd5 17. Nxh5 Nxh5 18. Bb5 Bd7 19. cxd6 Qxd6 20. Bxd7 Qxd7 21. Qxd5 Qxd5 22. exd5 e4 23. Bxf6 Nxf6 24. Nd4 Nxd5 25. Nb5 Re7 26. a3 g6 27. g4 Nf4 28. Rc4 Nh3+ 29. Kg2 Ng5 30. Re1 a6 31. Nc3 f5 32. Kg3 Rd8 33. gxf5 gxf5 34. Rc5 Rg7 35. Kf4 Ne6+ 36. Kxf5 Nxc5 37. bxc5 Rf7+ 38. Ke6 Re8+ 39. Kd6 Rxf2 40. Nxe4 Rf4 41. Rg1+ Kf8 42. Nc3 Rf6+ 43. Kd5 Rf3 44. Kc4 b5+ 45. Kb4 a5+ 46. Kb3 Re5 47. c6 Rc5 48. Rc1 Rxc6 49. Kb2 b4 50. axb4 axb4 51. Nd5 Rf2+ 52. Kb1 Rxc1+ 53. Kxc1 Rxh2 54. Nxb4 h5 55. Kd1 h4 56. Ke1 h3 57. Nd3 Ra2 58. Kf1 h2 0-1

[Event "Olympiad Women-41"]
[Site "Tromsoe"]
[Date "2014.08.03"]
[Round "2.2"]
[White "Morozova, Iuliia"]
[Black "Zatonskih, Anna"]
[Result "0-1"]
[WhiteElo "2060"]
[BlackElo "2466"]
[PlyCount "66"]
[EventDate "2014.08.02"]
[EventType "team-swiss"]
[EventRounds "11"]
[EventCountry "NOR"]
[SourceTitle "CBM 162"]
[Source "ChessBase"]
[SourceDate "2014.09.17"]
[SourceVersion "1"]
[SourceVersionDate "2014.09.17"]
[SourceQuality "1"]
[WhiteTeam "Belgium (W)"]
[BlackTeam "United States (W)"]
[WhiteTeamCountry "BEL"]
[BlackTeamCountry "USA"]

1. d4 d5 2. Nf3 Nf6 3. e3 g6 4. c4 Bg7 5. Nc3 0-0 6. cxd5 Nxd5 7. Bc4 Nb6 8. Bb3 c5 9. 0-0 cxd4 10. Nxd4 Nc6 11. Nxc6 bxc6 12. Qf3 Qc7 13. e4 Nd7 14. Bf4 Ne5 15. Qg3 Ba6 16. Rfd1 Rfd8 17. Rac1 Qa5 18. Rxd8+ Rxd8 19. h4 Rd3 20. f3 Rd7 21. Nd5 Nxf3+ 22. Qxf3 cxd5 23. Bxd5 e6 24. Qg4 h5 25. Qh3 Bxb2 26. Rb1 Bd4+ 27. Kh2 Kh7 28. Bc6 Rd8 29. Bg5 Be5+ 30. Kh1 Rd3 31. g3 Rxg3 32. Qh2 Qc3 33. Qf2 Rh3+ 0-1

[Event "Leuven op 25th"]
[Site "Leuven"]
[Date "2013.11.09"]
[Round "3"]
[White "Geirnaert, Steven"]
[Black "Morozova, Iuliia"]
[Result "1-0"]
[WhiteElo "2410"]
[BlackElo "2072"]
[PlyCount "59"]
[EventDate "2013.11.08"]
[EventType "swiss"]
[EventRounds "7"]
[EventCountry "BEL"]
[SourceTitle "EXT 2014"]
[Source "ChessBase"]
[SourceDate "2013.11.20"]
[SourceVersion "1"]
[SourceVersionDate "2013.11.20"]
[SourceQuality "1"]

1. d4 d5 2. c4 e6 3. Nc3 c5 4. cxd5 exd5 5. Nf3 Nc6 6. g3 Nf6 7. Bg2 Be7 8. 0-0 0-0 9. Bg5 c4 10. Ne5 Be6 11. b3 Qa5 12. Qd2 Bb4 13. Nxc6 bxc6 14. Bxf6 gxf6 15. Rfc1 Rac8 16. bxc4 c5 17. a3 Bxc3 18. Rxc3 cxd4 19. Qxd4 dxc4 20. Qxf6 Rc5 21. Be4 Re5 22. Re3 Bf5 23. Bxf5 Rxf5 24. Qd4 Rc5 25. Rc1 Qc7 26. Re4 f5 27. Rxc4 Rd8 28. Rxc5 Rxd4 29. Re8+ Kf7 30. Rxc7+ 1-0

[Event "Cappelle op 29th"]
[Site "Cappelle la Grande"]
[Date "2013.02.23"]
[Round "1"]
[White "Ramez, Jean Simon"]
[Black "Morozova, Iuliia"]
[Result "0-1"]
[WhiteElo "1920"]
[BlackElo "2105"]
[PlyCount "58"]
[EventDate "2013.02.23"]
[EventType "swiss"]
[EventRounds "9"]
[EventCountry "FRA"]
[SourceTitle "CBM 153 Extra"]
[Source "ChessBase"]
[SourceDate "2013.04.22"]
[SourceVersion "1"]
[SourceVersionDate "2013.04.22"]
[SourceQuality "1"]

1. d4 d5 2. c4 e6 3. Nc3 c5 4. cxd5 exd5 5. Nf3 Nc6 6. Bg5 f6 7. Bf4 g5 8. Be3 c4 9. g3 Kf7 10. Bg2 Nge7 11. 0-0 Nf5 12. Nxg5+ fxg5 13. Bxd5+ Kg7 14. Bxc4 Nfxd4 15. Nd5 Nf5 16. Bd2 Kg6 17. f4 h6 18. e4 Bc5+ 19. Kh1 Re8 20. fxg5 Rxe4 21. Nf4+ Kh7 22. Bd5 Re5 23. Qh5 Rxd5 24. Qf7+ Ng7 25. Nxd5 Be6 26. Nf6+ Kh8 27. Qg6 Bd5+ 28. Ne4 Qd6 29. Qxd6 Bxe4+ 0-1

[Event "Charleroi op"]
[Site "Charleroi"]
[Date "2011.08.05"]
[Round "8"]
[White "Morozova, Iuliia"]
[Black "Wautelet, Patrick"]
[Result "1-0"]
[WhiteElo "2109"]
[BlackElo "1873"]
[PlyCount "61"]
[EventDate "2011.07.30"]
[EventType "swiss"]
[EventRounds "9"]
[EventCountry "BEL"]
[SourceTitle "EXT 2012"]
[Source "ChessBase"]
[SourceDate "2011.11.24"]
[SourceVersion "1"]
[SourceVersionDate "2011.11.24"]
[SourceQuality "1"]

1. d4 Nf6 2. c4 g6 3. Nc3 d5 4. e3 Bg7 5. Nf3 0-0 6. Be2 e6 7. 0-0 c6 8. b3 b6 9. Bb2 Ba6 10. Qc2 Nbd7 11. Rad1 Qc7 12. Ne5 Rfd8 13. f4 c5 14. Rfe1 cxd4 15. exd4 Rac8 16. cxd5 Bxe2 17. Qxe2 Nxd5 18. Nxd5 exd5 19. Nxf7 Kxf7 20. Qe6+ Kf8 21. Ba3+ Nc5 22. dxc5 bxc5 23. f5 Rd6 24. Qe2 Kg8 25. fxg6 Rxg6 26. Rxd5 Bd4+ 27. Kh1 Rf8 28. Rxd4 cxd4 29. Bxf8 Kxf8 30. Qe8+ Kg7 31. Re7+ 1-0

[Event "Charleroi op"]
[Site "Charleroi"]
[Date "2011.07.31"]
[Round "2"]
[White "Morozova, Iuliia"]
[Black "Oger, Daniel"]
[Result "0-1"]
[WhiteElo "2109"]
[BlackElo "1847"]
[PlyCount "77"]
[EventDate "2011.07.30"]
[EventType "swiss"]
[EventRounds "9"]
[EventCountry "BEL"]
[SourceTitle "EXT 2012"]
[Source "ChessBase"]
[SourceDate "2011.11.24"]
[SourceVersion "1"]
[SourceVersionDate "2011.11.24"]
[SourceQuality "1"]

1. d4 Nf6 2. Nf3 d6 3. c4 Bg4 4. e3 Nbd7 5. Be2 e5 6. b3 c6 7. 0-0 Be7 8. Nc3 0-0 9. Bb2 e4 10. Nd2 Bxe2 11. Qxe2 d5 12. f3 exf3 13. Qxf3 Nb6 14. Rf2 c5 15. Nxd5 Nbxd5 16. cxd5 cxd4 17. e4 Bc5 18. Kh1 Qd7 19. Qd3 Ng4 20. Rff1 Ne3 21. Rf4 Qd6 22. g3 Qg6 23. Qe2 Bd6 24. Bxd4 Bxf4 25. Bxe3 Bxe3 26. Qxe3 Rfe8 27. Re1 Rad8 28. Rc1 f5 29. e5 Rxd5 30. Nf3 Qa6 31. Qf4 Qd3 32. Re1 Qa6 33. Qxf5 Qe6 34. Qe4 h6 35. Rc1 Red8 36. h4 Qh3+ 37. Kg1 Qxg3+ 38. Kf1 Qh3+ 39. Ke2 0-1

[Event "Myrhorod op"]
[Site "Myrhorod"]
[Date "2011.07.13"]
[Round "8"]
[White "Tikhomirov, Alexey"]
[Black "Morozova, Iuliia"]
[Result "1-0"]
[WhiteElo "2222"]
[BlackElo "2109"]
[PlyCount "91"]
[EventDate "2011.07.09"]
[EventType "swiss"]
[EventRounds "9"]
[EventCountry "UKR"]
[SourceTitle "CBM 143 Extra"]
[Source "ChessBase"]
[SourceDate "2011.08.29"]
[SourceVersion "1"]
[SourceVersionDate "2011.08.29"]
[SourceQuality "1"]

1. e4 c5 2. Nf3 d6 3. d4 cxd4 4. Nxd4 Nf6 5. Nc3 g6 6. Bc4 Bg7 7. Be3 0-0 8. f3 Nc6 9. Qd2 Bd7 10. h4 Na5 11. Bb3 Rb8 12. Bh6 Nxb3 13. axb3 Bxh6 14. Qxh6 b5 15. h5 e5 16. hxg6 fxg6 17. Nde2 Rb7 18. Qd2 Be6 19. Ra6 Ne8 20. 0-0 Rff7 21. Rfa1 b4 22. Nd5 Bxd5 23. Qxd5 Qe7 24. Qd2 Qc7 25. Ng3 Rd7 26. Qd5+ Kg7 27. Rc6 Qd8 28. Rd1 Qg5 29. Nf1 Rf7 30. Qd2 Qh4 31. Ne3 Qg3 32. Qf2 Rxf3 33. Qxf3 Qh4 34. Rf1 Nf6 35. Qxf6+ Qxf6 36. Rxf6 Kxf6 37. Rxd6+ Kg5 38. Nd5 a5 39. Re6 Ra7 40. Rxe5+ Kg4 41. Re7 Ra6 42. Kf2 Rc6 43. Ne3+ Kf4 44. g3+ Kg5 45. Re5+ Kf6 46. Rxa5 1-0

[Event "Obninsk op"]
[Site "Obninsk"]
[Date "2009.07.??"]
[Round "3"]
[White "Morozova, Iuliia"]
[Black "Medvedeva, Anna"]
[Result "0-1"]
[WhiteElo "2110"]
[BlackElo "1959"]
[PlyCount "80"]
[EventDate "2009.07.??"]
[EventType "swiss"]
[EventRounds "9"]
[EventCountry "RUS"]
[SourceTitle "CBM 131 Extra"]
[Source "ChessBase"]
[SourceDate "2009.09.03"]
[SourceVersion "2"]
[SourceVersionDate "2009.09.16"]
[SourceQuality "1"]

1. e4 e5 2. Nf3 Nf6 3. Nxe5 Nxe4 4. Qe2 Qe7 5. Qxe4 d6 6. d4 dxe5 7. Qxe5 Qxe5+ 8. dxe5 Bf5 9. Bd3 Bxd3 10. cxd3 Nc6 11. Bf4 Nb4 12. Kd2 0-0-0 13. Bg3 Nxd3 14. Kc2 Bc5 15. f4 Nb4+ 16. Kb3 Rd3+ 17. Nc3 Rhd8 18. Rad1 Be7 19. Rxd3 Rxd3 20. Rd1 Rxd1 21. Nxd1 Kd7 22. a3 Nd5 23. Kc4 c6 24. Kd4 Ke6 25. Ke4 f5+ 26. exf6 Nxf6+ 27. Kf3 b5 28. Bf2 c5 29. Nc3 a6 30. g3 b4 31. axb4 cxb4 32. Ne4 Kd5 33. Nxf6+ Bxf6 34. b3 Bd4 35. Be1 a5 36. Bd2 a4 37. bxa4 b3 38. Bc1 b2 39. Bxb2 Bxb2 40. a5 Bd4 0-1